000 00900nam a2200253Ia 4500
003 OSt
005 20221005103254.0
006 a|||||r|||| 00| 0
007 ta
008 221004b |||||||| |||| 00| 0 hin d
024 _a49072
037 _cTextual
040 _aCRL
_cCRL
_bhin
041 _2hin
_ahin
082 _a2:6, 152M6
100 _aगुप्त, अवधेशचन्द्र
245 0 _aपुस्तकालय
_bनिर्गम आगम प्रणालियॉं
246 _aPustakālaya:nirgam āgam praṇāliyaॉan
260 _aगाजियाबाद
_bकैलाश
_c1986
300 _a88पृ0
_ccm.
650 _aपुस्तकालय-सूचना प्रौद्योगिकी
942 _h2:6, 152M6
_cTEXL
_2cc
999 _c1009759
_d1009759